00588 2200205 4500001002100000005001500021035002000036007000300056008004100059020002200100082001000122084001600132100001800148245006500166260004000231300002900271650004800300990001800348990001600366INLIS00000000000568220231025025158 a0010-1023000605ta231025 0 ind  a978-602-6417-25-1 a618.2 a618.2 SRI t0 aSri Dinengsih1 aTeknologi Terapan Dalam Pelayanan Kebidanan /cSri Dinengsih aSidoarjo :bIndmedia Pustaka,c2017 ax,278p :bIlus. ;c24 cm aTeknologi Terapan Dalam Pelayanan Kebidanan a0068400200684 a00000013482